| 000 | 00852nam a22002537a 4500 | ||
|---|---|---|---|
| 999 |
_c15307 _d15307 |
||
| 003 | MIRAKIL | ||
| 005 | 20240207114125.0 | ||
| 008 | 240207b tu ||||| |||| 00| 0 tur d | ||
| 020 | _a9786052959466 | ||
| 040 |
_aTR-AnCHP _cTR-AnCHP |
||
| 041 | _aTürkçe | ||
| 082 |
_a357 _bE65Ç 2019 |
||
| 090 | _a357 E65Ç 2019 | ||
| 100 | _aErickson, Edward J. | ||
| 245 | 1 | 0 |
_aÇanakkale savaşı _bAteş altında komuta / _cEdward J. Erickson. ; çeviren. : İsmail Hakkı Yılmaz |
| 250 | _a1. bs. | ||
| 260 |
_aİstanbul _bTürkiye İş Bankası Kültür Yayınları _c2019 |
||
| 300 |
_a440 s. _c21 cm |
||
| 490 | 0 |
_aÇanakkale savaşı dizisi _v23 |
|
| 504 | _aDizin ve kaynakça vardır | ||
| 650 | 0 |
_95121 _aÇanakkale savaşı |
|
| 856 | _zDijital Nüshası için Partimizin Kütüphane Sorumlusu ile iletişime geçiniz. | ||
| 942 |
_2ddc _cBKS |
||